[Event "Barcelona Sant Marti op-B 25th"]
[Site "Barcelona"]
[Date "2025.07.17"]
[Round "5"]
[White "Hueto Molina, Alberto"]
[Black "Angulo Centurion, Juan Jesus"]
[Result "1/2-1/2"]
[WhiteElo "1544"]
[BlackElo "1727"]
[PlyCount "81"]
[EventDate "2025.07.13"]
[EventType "swiss"]
[EventRounds "9"]
[EventCountry "ESP"]
[SourceTitle "CB30_2025"]
[SourceDate "2025.07.23"]
[SourceVersion "1"]
[SourceVersionDate "2025.07.23"]
[SourceQuality "1"]

1. d4 Nf6 2. Bf4 g6 3. Nc3 d6 4. e4 c6 5. Qd2 Qa5 6. Bd3 b5 7. Nf3 b4 8. Ne2 Nbd7 9. Bh6 Bxh6 10. Qxh6 e5 11. dxe5 dxe5 12. 0-0 Ba6 13. Bxa6 Qxa6 14. Ng3 c5 15. Rfd1 Qc6 16. Ng5 Rf8 17. Rd2 0-0-0 18. Rad1 Qa4 19. Ra1 c4 20. b3 Qa3 21. Nh3 c3 22. Rdd1 Qb2 23. Qc1 Qxc1 24. Raxc1 Nc5 25. f3 Rxd1+ 26. Rxd1 Rd8 27. Rxd8+ Kxd8 28. Kf2 h6 29. Ne2 a5 30. Ke3 Kc7 31. Nc1 Nfd7 32. Nf2 Kd6 33. Ncd3 Nxd3 34. Nxd3 Nc5 35. Nxc5 Kxc5 36. Kd3 Kb5 37. g4 g5 38. h3 f6 39. Ke3 a4 40. Kd3 axb3 41. axb3 1/2-1/2

[Event "Barcelona Sant Marti op-B 24th"]
[Site "Barcelona"]
[Date "2024.07.20"]
[Round "8"]
[White "Muntane Aznar, Juan Manuel"]
[Black "Angulo Centurion, Juan Jesus"]
[Result "1-0"]
[WhiteElo "1853"]
[BlackElo "1726"]
[PlyCount "103"]
[EventDate "2024.07.13"]
[EventType "swiss"]
[EventRounds "9"]
[EventCountry "ESP"]
[SourceTitle "EXT 2025"]
[Source "ChessBase"]
[SourceDate "2024.10.14"]
[SourceVersion "1"]
[SourceVersionDate "2024.10.14"]
[SourceQuality "1"]

1. c4 Nf6 2. d4 g6 3. Nc3 Bg7 4. e4 d6 5. Nf3 0-0 6. Be2 e5 7. Bg5 exd4 8. Nxd4 h6 9. Bh4 Na6 10. 0-0 Nc5 11. f3 g5 12. Bf2 Nh5 13. Qd2 Nf4 14. Rad1 f5 15. b4 Na6 16. a3 Qf6 17. Nd5 Qe5 18. Nxf4 gxf4 19. Bd3 fxe4 20. Bxe4 Qg5 21. Kh1 c6 22. Rfe1 Be5 23. Bb1 Bd7 24. Qd3 Rf7 25. c5 d5 26. Qg6+ Rg7 27. Qxg5 Rxg5 28. Bh4 Rh5 29. Bg6 Rxh4 30. Rxe5 Nc7 31. Rde1 Rd8 32. Re7 Kf8 33. Rf7+ Kg8 34. Ree7 Ne6 35. Nxe6 Bxe6 36. Rxe6 d4 37. Re1 d3 38. Rfe7 Kf8 39. Re8+ Rxe8 40. Rxe8+ Kg7 41. Bxd3 Rh5 42. Be4 Kf6 43. Rb8 Re5 44. Rxb7 Re8 45. h3 Ke5 46. Bxc6 Kd4 47. Be4 Ke3 48. c6 Kf2 49. Rd7 Rg8 50. Rd2+ Ke3 51. Rc2 Kd4 52. c7 1-0

[Event "Barcelona Sant Marti op-B 24th"]
[Site "Barcelona"]
[Date "2024.07.18"]
[Round "6"]
[White "Ritter Aguilar, Jordi"]
[Black "Angulo Centurion, Juan Jesus"]
[Result "1-0"]
[WhiteElo "1806"]
[BlackElo "1726"]
[PlyCount "47"]
[EventDate "2024.07.13"]
[EventType "swiss"]
[EventRounds "9"]
[EventCountry "ESP"]
[SourceTitle "EXT 2025"]
[Source "ChessBase"]
[SourceDate "2024.10.14"]
[SourceVersion "1"]
[SourceVersionDate "2024.10.14"]
[SourceQuality "1"]

1. e4 e5 2. Nf3 Nc6 3. d4 exd4 4. Nxd4 Qf6 5. Be3 Bc5 6. c3 Nge7 7. f4 Nxd4 8. cxd4 Bb4+ 9. Nc3 0-0 10. Be2 d5 11. e5 Qg6 12. 0-0 Bxc3 13. bxc3 Bf5 14. Bh5 Qc6 15. Rc1 Nc8 16. Bf3 Nb6 17. g4 Nc4 18. Bf2 Qg6 19. Kh1 Be4 20. f5 Bxf3+ 21. Qxf3 Qc6 22. f6 Nd2 23. Qf4 Nxf1 24. Qg5 1-0

[Event "Barcelona Sant Marti op-B 24th"]
[Site "Barcelona"]
[Date "2024.07.15"]
[Round "3"]
[White "Angulo Centurion, Juan Jesus"]
[Black "Franzoni Ladron, De Guevara Enric"]
[Result "1-0"]
[WhiteElo "1726"]
[BlackElo "1926"]
[PlyCount "105"]
[EventDate "2024.07.13"]
[EventType "swiss"]
[EventRounds "9"]
[EventCountry "ESP"]
[SourceTitle "EXT 2025"]
[Source "ChessBase"]
[SourceDate "2024.10.14"]
[SourceVersion "1"]
[SourceVersionDate "2024.10.14"]
[SourceQuality "1"]

1. e4 c5 2. Nf3 e6 3. d3 Nc6 4. Nbd2 d6 5. g3 Nf6 6. Bg2 Be7 7. 0-0 0-0 8. Re1 Qc7 9. Nf1 b5 10. h4 Bb7 11. Bf4 Ne5 12. N1h2 Ng6 13. Bg5 h6 14. Be3 Rfd8 15. Qd2 Kh7 16. g4 d5 17. h5 Ne5 18. Nxe5 Qxe5 19. exd5 Bd6 20. f4 Qxb2 21. Reb1 Qa3 22. Rxb5 Qa6 23. Rab1 Bxd5 24. c4 Bxg2 25. Kxg2 Qc6+ 26. Kh3 Rd7 27. Qg2 Qxg2+ 28. Kxg2 Rad8 29. Rb7 Kg8 30. Kf3 Kf8 31. Nf1 Ke8 32. Ng3 e5 33. Nf5 exf4 34. Bxf4 Bxf4 35. Kxf4 Kf8 36. Rxd7 Rxd7 37. Rb8+ Ne8 38. Ke4 f6 39. Rc8 Kf7 40. Rxc5 Nc7 41. d4 Ne6 42. Rd5 Ng5+ 43. Kf4 Ne6+ 44. Ke3 Rc7 45. c5 g6 46. Nd6+ Kf8 47. hxg6 Re7 48. Kf2 Nf4 49. Rf5 Nd3+ 50. Kg3 Kg7 51. c6 Kxg6 52. Nb5 Nb4 53. c7 1-0

[Event "Sant Adria de Besos op 18th"]
[Site "Sant Adria de Besos"]
[Date "2024.04.07"]
[Round "1"]
[White "Ledo Garcia, Joan Benet"]
[Black "Angulo Centurion, Juan Jesus"]
[Result "1-0"]
[WhiteElo "2147"]
[BlackElo "1797"]
[PlyCount "59"]
[EventDate "2024.04.07"]
[EventType "swiss"]
[EventRounds "9"]
[EventCountry "ESP"]
[SourceTitle "EXT 2025"]
[Source "ChessBase"]
[SourceDate "2024.10.14"]
[SourceVersion "1"]
[SourceVersionDate "2024.10.14"]
[SourceQuality "1"]

1. e4 e5 2. Nf3 Nc6 3. Bb5 a6 4. Ba4 Nf6 5. 0-0 b5 6. Bb3 Bc5 7. Re1 d6 8. c3 Bb6 9. h3 0-0 10. d4 h6 11. a4 Rb8 12. axb5 axb5 13. Na3 b4 14. Nc4 bxc3 15. bxc3 exd4 16. Nxb6 Rxb6 17. cxd4 Re8 18. Bc2 g5 19. d5 Ne5 20. Nxe5 dxe5 21. Be3 Rb8 22. Ra3 Kh7 23. g4 Qd6 24. Rc3 Bd7 25. Bc5 Qa6 26. Qf3 Kg7 27. Be3 Rb7 28. Bd3 Qa5 29. Rec1 h5 30. Rc6 1-0

[Event "Barcelona Sant Marti op 11th"]
[Site "Barcelona"]
[Date "2024.02.15"]
[Round "6"]
[White "Colome Rovira, Oscar"]
[Black "Angulo Centurion, Juan Jesus"]
[Result "1-0"]
[WhiteElo "1750"]
[BlackElo "1636"]
[PlyCount "41"]
[EventDate "2024.01.11"]
[EventType "swiss"]
[EventRounds "9"]
[EventCountry "ESP"]
[SourceTitle "CBM 219 Extra"]
[Source "ChessBase"]
[SourceDate "2024.05.31"]
[SourceVersion "1"]
[SourceVersionDate "2024.05.31"]
[SourceQuality "1"]

1. d4 Nf6 2. c4 g6 3. Nf3 d5 4. Nc3 Bg7 5. e3 0-0 6. h3 Be6 7. b3 c5 8. Bb2 Nc6 9. Be2 cxd4 10. exd4 dxc4 11. bxc4 Na5 12. d5 Bf5 13. 0-0 Ne4 14. Nd4 Rc8 15. Nxe4 Bxe4 16. Rc1 Bh6 17. Rc3 Qb6 18. Ba1 Rfd8 19. Nb3 Nxb3 20. Rxb3 Qd6 21. Qd4 1-0